Doing well by doing good? (Record no. 109444)

MARC details
000 -LEADER
fixed length control field 01335cad a22002535a 4500
001 - CONTROL NUMBER
control field E147093
008 - FIXED-LENGTH DATA ELEMENTS--GENERAL INFORMATION
fixed length control field 090331s2009 xxkado f f 000 0 eng d
020 ## - INTERNATIONAL STANDARD BOOK NUMBER
International Standard Book Number 9781842194768
035 ## - SYSTEM CONTROL NUMBER
System control number (Sirsi) u147093
041 0# - LANGUAGE CODE
Language code of text/sound track or separate title eng
050 04 - LIBRARY OF CONGRESS CALL NUMBER
Classification number 333.7 $2 18
100 1# - MAIN ENTRY--PERSONAL NAME
Personal name Eichholtz, Piet
245 00 - TITLE STATEMENT
Title Doing well by doing good?
Remainder of title an analysis of the financial performance of green office buildings in the USA
Medium [electronic resource]
260 ## - PUBLICATION, DISTRIBUTION, ETC.
Place of publication, distribution, etc. London
Name of publisher, distributor, etc. RICS
Date of publication, distribution, etc. 2009
490 #0 - SERIES STATEMENT
Series statement RICS Research
Volume/sequential designation March 2009
505 2# - FORMATTED CONTENTS NOTE
Formatted contents note Part A: summary -- Part B: technical paper: introduction; social responsibility; data on commercial buildings; empirical analysis -- Conclusions -- References -- Figures -- Tables -- Conclusions -- Appendices
520 ## - SUMMARY, ETC.
Summary, etc. Presents the results of research into whether investors are willing to pay a premium for green buildings. Finds that such a premium exists for the rents that "green" buildings with the Energy Star rating can command, but finds no such premium for LEED-rated buildings.
651 #4 - SUBJECT ADDED ENTRY--GEOGRAPHIC NAME
Geographic name United States
Chronological subdivision 1959-
690 ## - LOCAL SUBJECT ADDED ENTRY--TOPICAL TERM (OCLC, RLIN)
Topical term or geographic name as entry element ENVIRONMENTAL AND LAND CONSULTANCY-ENERGY-ENERGY USE-ENERGY EFFICIENCY
700 1# - ADDED ENTRY--PERSONAL NAME
Personal name Kok, Nils
700 1# - ADDED ENTRY--PERSONAL NAME
Personal name Quigley, John
856 40 - ELECTRONIC LOCATION AND ACCESS
Uniform Resource Identifier <a href="https://www.rics.org/Global/Downloads/Doing_Well_by_Doing_Good.pdf">https://www.rics.org/Global/Downloads/Doing_Well_by_Doing_Good.pdf</a>
Public note View the report free of charge at www.rics.org...
942 ## - ADDED ENTRY ELEMENTS (KOHA)
Suppress in OPAC 0
Holdings
Withdrawn status Lost status Source of classification or shelving scheme Damaged status Not for loan Home library Current library Shelving location Date acquired Total Checkouts Full call number Barcode Date last seen Copy number Price effective from Koha item type
    Dewey Decimal Classification     Virtual Virtual Online 31/03/2009   ONLINE PUBLICATION 147093-2001 06/08/2019 1 06/08/2019 Book